000 00475nam a2200169 4500
020 _a9788119911196
082 _aM080 320 7
_bJOS/V
100 _aJose George
245 _aVarthamana pusthakam:
_bbahumanangal/
_cby Jose George
260 _aKottayam:
_bSahithya Pravarthaka Co-operative Society,
_c2024.
300 _a390p.
650 _aVarthamanapusthakam Study
650 _aTravelogue Study
650 _aLiterature Malayalam
650 _aLiterature
942 _cBK
999 _c181917
_d181917